Gramática esencial del español : (Registro nro. 47974)

Detalles MARC
000 -LEADER
campo de control de longitud fija 01953cam a22003974i 4500
003 - IDENTIFICADOR DE NÚMERO DE CONTROL
campo de control PE-LiUPU
005 - FECHA Y HORA DE LA ÚLTIMA TRANSACCIÓN
campo de control 20250731175635.0
008 - DATOS DE LONGITUD FIJA--INFORMACIÓN GENERAL
campo de control de longitud fija 150625s2005 sp a r 000 0 spa d
020 ## - NÚMERO INTERNACIONAL ESTÁNDAR DEL LIBRO
Número Internacional Estándar del Libro 9788423992065
035 ## - NÚMERO DE CONTROL DEL SISTEMA
Número de control de sistema (Sirsi) i9788423992065
040 ## - FUENTE DE CATALOGACIÓN
Centro catalogador/agencia de origen PE-LiUPU
Lengua de catalogación spa
Centro/agencia transcriptor PE-LiUPU
Normas de descripción rda
049 ## - FONDOS LOCALES (OCLC)
Biblioteca depositaria PRUA
082 04 - NÚMERO DE LA CLASIFICACIÓN DECIMAL DEWEY
Número de clasificación 465
Cutter S33
Número de edición 21
100 1# - ENTRADA PRINCIPAL--NOMBRE DE PERSONA
Nombre de persona Seco Reymundo, Manuel,
Término indicativo de función/relación autor.
245 10 - MENCIÓN DEL TÍTULO
Título Gramática esencial del español :
Resto del título introducción al estudio de la lengua /
Mención de responsabilidad, etc. Manuel Seco Reymundo.
264 #1 - PRODUCCIÓN, PUBLICACIÓN, DISTRIBUCIÓN, FABRICACIÓN Y COPYRIGHT
Producción, publicación, distribución, fabricación y copyright Madrid :
Nombre del de productor, editor, distribuidor, fabricante Espasa Calpe,
Fecha de producción, publicación, distribución, fabricación o copyright 2005.
300 ## - DESCRIPCIÓN FÍSICA
Extensión 418 páginas :
Otras características físicas ilustraciones , ;
Dimensiones 18 centímetros
336 ## - TIPO DE CONTENIDO
Término de tipo de contenido text
Fuente rdacontent
337 ## - TIPO DE MEDIO
Nombre/término del tipo de medio unmediated
Fuente rdamedia
338 ## - TIPO DE SOPORTE
Nombre/término del tipo de soporte volume
Fuente rdacarrier
505 0# - NOTA DE CONTENIDO CON FORMATO
Nota de contenido con formato Lenguaje. -El lenguaje y la lengua. -La lengua española. -El pasado del español. -Los sonidos. -De la voz al fonema. -Del fonema a la frase. -Las frases y las palabras. -La oración. -El sujeto. -El predicado. -Las proposiciones. -Coordinación de palabras y de oraciones. -Las palabras: los sustantivos y sus adjuntos. -Las palabras: El verbo y el adverbio. -Las palabras: Enlaces interjecciones. -Estructuras de las palabras. -Vida de las palabras. -El hablante ante la lengua.
526 ## - NOTA DE INFORMACIÓN SOBRE EL PROGRAMA DE ESTUDIO
Nombre del programa Comunicación Y Periodismo
526 ## - NOTA DE INFORMACIÓN SOBRE EL PROGRAMA DE ESTUDIO
Nombre del programa Educación, Especialidad Inglés Y Español (A Distancia)
526 ## - NOTA DE INFORMACIÓN SOBRE EL PROGRAMA DE ESTUDIO
Nombre del programa Educación, Especialidad Inglés Y Español
526 ## - NOTA DE INFORMACIÓN SOBRE EL PROGRAMA DE ESTUDIO
Nombre del programa Teología
526 ## - NOTA DE INFORMACIÓN SOBRE EL PROGRAMA DE ESTUDIO
Nombre del programa Educación secundaria, especialidad lingüística e inglés
526 ## - NOTA DE INFORMACIÓN SOBRE EL PROGRAMA DE ESTUDIO
Nombre del programa Ciencias de la comunicación
541 ## - NOTA DE FUENTE DE ADQUISICIÓN DIRECTA
-- 001-0029255;
596 ## -
-- 1
650 04 - PUNTO DE ACCESO ADICIONAL DE MATERIA--TÉRMINO DE MATERIA
Término de materia o nombre geográfico como elemento de entrada Español
Subdivisión general Gramática.
910 ## - DATOS DE OPCIÓN DEL USUARIO (OCLC)
-- jv
-- ng
-- 20081217
942 ## - ELEMENTOS DE ENTRADA SECUNDARIOS (KOHA)
Fuente del sistema de clasificación o colocación Clasificación Decimal Dewey
Tipo de ítem Koha
949 ## - PROCESAMIENTO DE INFORMACIÓN LOCAL (OCLC)
a 465 S33
w DEWEY
c 1
i 59160
d 2016-10-24
e 2016-10-21
l CCODEBUL1
m BUL
n 1
p 31.00
r 0
s Y
t BOOK
u 2015-6-25
x EDUCACION
-- P20
0 COMPRA
o .STAFF. Colección General
994 ## -
-- C0
-- PEPRU
999 ## - NÚMEROS DE CONTROL DE SISTEMA (KOHA)
-- DEWEY
-- 59160
-- 2016-10-21
-- 2021-11-8
-- 5
-- CCODEBUL1
-- BUL
-- 1
-- 31.00
-- 3
-- 0
-- Y
-- BOOK
-- 2015-6-25
-- EDUCACION
-- P20
-- COMPRA
-- .STAFF. Colección General
980 ## - EQUIVALENCIA O REFERENCIA-CRUZADA-MENCIÓN DE SERIE--NOMBRE DE PERSONA/TÍTULO [LOCAL, CANADÁ]
ID del último usuario que modificó el registro 1
Nombre del último usuario que modificó el registro ALBERTO SANCHEZ Responsable de Automatización
Existencias
Visto por última vez Número de inventario Total de préstamos Renovaciones totales Signatura topográfica completa Código de barras Fecha del último préstamo Copia número Coste, precio de reemplazo Fecha de reemplazo Facultad Tipo de ítem Koha Nota pública Estado de pérdida Fuente del sistema de clasificación o colocación Restricciones de uso No para préstamo Colección Programa académico Biblioteca de origen Biblioteca actual Ubicación en estantería Fecha de adquisición Fuente de adquisición Coste, precio normal de compra
2025-06-13 6 3 2 465 S33 59160 2022-09-12 e1 36.00 2015-06-25 FACIHED Libros físicos inventario-2023-12-13 No Perdido Clasificación Decimal Dewey No restringido Disponible para préstamos Colección General Educación primaria Biblioteca CRAI UPeU Lima Biblioteca CRAI UPeU Lima Sala principal 2015-06-25 COMPRA 31.00